A karigazgató
Elmentve itt :
| Szerző: | |
|---|---|
| Dokumentumtípus: | Cikk |
| Megjelent: |
1964-08-14
|
| Sorozat: | Délmagyarország
54 No. 190 |
| Kulcsszavak: | Pless László, Szabadtéri Játékok, Szabadtéri Játékok Szeged 1964, Színházi élet énekkar 1964 |
| Online Access: | http://dmarchiv.bibl.u-szeged.hu/77964 |
| LEADER | 00520nab a2200157 i 4500 | ||
|---|---|---|---|
| 001 | delm77964 | ||
| 005 | 20180928084331.0 | ||
| 008 | 180928s1964 hu o 0|| hun d | ||
| 040 | |a SZTE Délmagyarország Archívum |b hun | ||
| 041 | |a hun | ||
| 100 | 1 | |a Jakab Ágnes | |
| 245 | 1 | 2 | |a A karigazgató |h [elektronikus dokumentum] / |c Jakab Ágnes |
| 260 | |c 1964-08-14 | ||
| 300 | |a 6 | ||
| 490 | 0 | |a Délmagyarország |v 54 No. 190 | |
| 695 | |a Pless László, Szabadtéri Játékok, Szabadtéri Játékok Szeged 1964, Színházi élet énekkar 1964 | ||